000 00437cam a22001337a 4500
008 180718b1980 xxu||||| |||| 00| 0 eng d
082 _aT19 Eu74
245 _aEurope's role in world development: conference
260 _aMilan
_bFinafirca - Cariplo
_c1980
300 _a169p.
500 _aPaper; Conference held on 19-22 Sept. 1978 at Milano
650 _aEconomic Development
700 _aEuropean Association of Development Institutes
999 _c476666
_d476666